Départements qui bordent la Mer Méditerranée - Statistiques

Statistiques générales
  • Ce quiz a été pris 14 653 fois
  • Le résultat moyen est 7 sur 9
Réponses sur la Carte
Les réponses sont colorées sur une échelle allant du rouge au vert en fonction du pourcentage des utilisateurs qui les ont devinées à leur premier essai. Vous pouvez retrouver ces pourcentages ci-dessous.
 
Statistiques - réponses
Département % Correct
13 Bouches-du-Rhône
88%
83 Var
87%
2A Corse-du-Sud
86%
2B Haute-Corse
86%
6 Alpes-Maritimes
85%
34 Hérault
81%
66 Pyrénées-Orientales
75%
30 Gard
72%
11 Aude
65%
Aucun quiz correspondant
Distribution des résultats
% des personnes avec chaque résultat
Percentile par nombre de réponses
Votre historique - résultats
Vous n’avez pas pris ce quiz